| 000 | 00799cam a2200217 a 4500 | ||
|---|---|---|---|
| 001 | 000011429 | ||
| 005 | 20200929162441.0 | ||
| 008 | 850412s1985 xxua b 001 0 eng c | ||
| 040 |
_aDO-SdBNP _bspa _cBNPHU |
||
| 082 |
_annn _bC557t |
||
| 245 | 0 | 0 |
_aChronic treatments in neuropsychiatry / _cvolume editors, Dargut Kemali, Giorgio Racagni. |
| 260 |
_aNew York : _bRaven Press, _c1985. |
||
| 300 |
_axv, 219 p. : _bil. ; _c27 cm. |
||
| 490 | 1 |
_aAdvances in biochemical psychopharmacology _v40 |
|
| 500 | _aIncluye índice | ||
| 504 | _aIncluye referencias bibliográficas al final de los capítulos | ||
| 590 | _aInventariado, 2019 /LP | ||
| 700 | 1 |
_aRacagni, Giorgio, _eeditor _927104 |
|
| 700 | 1 |
_aKemali, Dargut, _eeditor _927105 |
|
| 830 | 0 |
_aAdvances in biochemical psychopharmacology _v40 _927106 |
|
| 999 |
_c11131 _d11131 |
||